|
|
|
|
| LEADER |
00000cam a2200000 7i4500 |
| 001 |
0000008738 |
| 005 |
20070206093000.0 |
| 008 |
070206s2004 ne i eng |
| 020 |
|
|
|a 9027217092 (Eur. : hb : alk. paper)
|
| 090 |
0 |
0 |
|a P53.9
|b .V634 2004
|
| 245 |
0 |
0 |
|a Vocabulary in a second language :
|b selection, acquisition, and testing
|c edited by Paul Bogaards, Batia Laufer
|
| 260 |
2 |
|
|a Amsterdam ; Philadelphia :
|b John Benjamins ,
|c c2004
|
| 300 |
|
|
|a xiv, 233 p. :
|b ill. ;
|c 22 cm.
|
| 440 |
|
0 |
|a Language learning and language teaching, 1569-9471
|v v. 10
|
| 504 |
|
|
|a Include bibliographical references and index
|
| 650 |
|
0 |
|a Language and languages
|x Study and teaching
|
| 650 |
|
0 |
|a Second language acquisition
|
| 650 |
|
0 |
|a Vocabulary
|x Study and teaching
|
| 700 |
1 |
|
|a Bogaards, Paul ,
|e author
|
| 700 |
1 |
|
|a Laufer, Batia ,
|e author
|
| 999 |
|
|
|a 1000105848
|b Book
|c OPEN SHELF (30 DAYS)
|e Gong Badak Campus
|